[Event "AUT-ch U18 Girls"]
[Site "Sankt Veit an der Glan"]
[Date "2019.04.17"]
[Round "6"]
[White "Katter, Marlene"]
[Black "Pribozic, Sabrina"]
[Result "1/2-1/2"]
[WhiteElo "1386"]
[BlackElo "1520"]
[PlyCount "77"]
[EventDate "2019.04.14"]
[EventType "swiss"]
[EventRounds "7"]
[EventCountry "AUT"]
[SourceTitle "CBM 190 Extra"]
[Source "ChessBase"]
[SourceDate "2019.07.15"]
[SourceVersion "1"]
[SourceVersionDate "2019.07.15"]
[SourceQuality "1"]

1. d4 d5 2. Bf4 c5 3. c3 cxd4 4. cxd4 Nc6 5. e3 Bf5 6. Bd3 Bxd3 7. Qxd3 Nf6 8. Nc3 a6 9. Nf3 e6 10. 0-0 Be7 11. h3 0-0 12. Rac1 b5 13. Ne5 Nxe5 14. Bxe5 Bd6 15. Bxd6 Qxd6 16. Rc2 b4 17. Na4 Rfc8 18. Rfc1 Rxc2 19. Rxc2 h6 20. Qd1 Rb8 21. b3 Ne4 22. Qc1 Qd8 23. Qd1 Rc8 24. Qc1 Nd6 25. Rxc8 Qxc8 26. Qxc8+ Nxc8 27. Nc5 a5 28. Nb7 a4 29. bxa4 Na7 30. Kf1 Kf8 31. Ke2 Ke7 32. Kd2 Kd7 33. Kc2 Kc7 34. Nc5 Kb6 35. Kb3 Nc6 36. Nd3 Ka5 37. g3 f6 38. h4 e5 39. dxe5 1/2-1/2

[Event "AUT-ch U18 Girls"]
[Site "St Veit"]
[Date "2018.03.29"]
[Round "7"]
[White "Schluder, Nathalie"]
[Black "Pribozic, Sabrina"]
[Result "0-1"]
[WhiteElo "1562"]
[BlackElo "1498"]
[PlyCount "80"]
[EventDate "2018.03.25"]
[EventType "swiss"]
[EventRounds "7"]
[EventCountry "AUT"]
[SourceTitle "EXT 2019"]
[Source "ChessBase"]
[SourceDate "2018.10.10"]
[SourceVersion "1"]
[SourceVersionDate "2018.10.10"]
[SourceQuality "1"]

1. e4 e5 2. Nf3 Nf6 3. Nc3 Nc6 4. Bc4 Nxe4 5. Bxf7+ Kxf7 6. Nxe4 h6 7. d3 Kg8 8. 0-0 d5 9. Nc3 Be6 10. Re1 Bd6 11. b3 Kh7 12. Bb2 a6 13. Ne2 Re8 14. Ng3 Bd7 15. Qd2 Re7 16. Re2 Qf8 17. Rae1 Rae8 18. h3 Kg8 19. Re3 d4 20. Re4 Bxh3 21. Nh4 Bb4 22. c3 dxc3 23. Bxc3 Bxc3 24. Qxc3 Qf6 25. gxh3 Nd4 26. Qc4+ Kh7 27. Nh5 Qg5+ 28. Ng3 Rf8 29. Rf1 Ref7 30. Kg2 Qd2 31. Nh1 g5 32. Rxe5 Nc6 33. Qe4+ Kg8 34. Nf5 Kh8 35. Nxh6 Rf4 36. Qg6 Nxe5 37. Qxg5 Rxf2+ 38. Rxf2 Qxg5+ 39. Ng4 Rxf2+ 40. Nhxf2 Nxg4 0-1

[Event "AUT-ch U14 Girls"]
[Site "Woerth"]
[Date "2015.05.25"]
[Round "6.5"]
[White "Pribozic, Sabrina"]
[Black "Wurzer, Miriam"]
[Result "1/2-1/2"]
[WhiteElo "945"]
[BlackElo "1136"]
[PlyCount "60"]
[EventDate "2015.05.23"]
[EventType "swiss"]
[EventRounds "7"]
[EventCountry "AUT"]
[SourceTitle "EXT 2024"]
[Source "ChessBase"]
[SourceDate "2023.10.10"]
[SourceVersion "1"]
[SourceVersionDate "2023.10.10"]
[SourceQuality "1"]

1. d4 d5 2. Nf3 e6 3. e3 c6 4. Bd3 Nf6 5. 0-0 Nbd7 6. b3 b6 7. Bb2 Bb7 8. Nbd2 Bd6 9. Qe2 0-0 10. Rae1 Rc8 11. Ne5 Bb8 12. f4 Nxe5 13. fxe5 Nd7 14. Qh5 g6 15. Qh6 f6 16. Rf3 fxe5 17. Rh3 Kf7 18. Rf1+ Ke8 19. Rhf3 Rxf3 20. Rxf3 e4 21. Bxe4 dxe4 22. Nxe4 c5 23. Qxh7 Qe7 24. Qxg6+ Kd8 25. Qg8+ Kc7 26. Qg3+ Kd8 27. Qg8+ Kc7 28. Qg3+ Kd8 29. Qg8+ Kc7 30. Qg3+ Kd8 1/2-1/2

[Event "AUT-ch U14 Girls"]
[Site "Woerth"]
[Date "2015.05.24"]
[Round "4.5"]
[White "Felleitner, Christina"]
[Black "Pribozic, Sabrina"]
[Result "0-1"]
[WhiteElo "897"]
[BlackElo "945"]
[PlyCount "102"]
[EventDate "2015.05.23"]
[EventType "swiss"]
[EventRounds "7"]
[EventCountry "AUT"]
[SourceTitle "EXT 2024"]
[Source "ChessBase"]
[SourceDate "2023.10.10"]
[SourceVersion "1"]
[SourceVersionDate "2023.10.10"]
[SourceQuality "1"]

1. e4 e5 2. Nc3 Nf6 3. Nf3 Nc6 4. Bc4 Nxe4 5. Nxe4 d5 6. Neg5 dxc4 7. 0-0 Be7 8. d3 cxd3 9. cxd3 0-0 10. Qc2 Nd4 11. Nxd4 exd4 12. Bf4 c6 13. Qd2 Re8 14. Rae1 h6 15. Be5 Bxg5 16. Qe2 Be6 17. Qf3 Bf6 18. Qg3 Bxe5 19. Rxe5 Qd6 20. Rfe1 Qb4 21. h3 Re7 22. a3 Qxb2 23. a4 Rae8 24. a5 f6 25. R5e4 Qa3 26. a6 Qxa6 27. f4 Qa3 28. f5 Bxf5 29. Rxe7 Rxe7 30. Rxe7 Qxe7 31. Qb8+ Qf8 32. Qxb7 Qf7 33. Qxc6 Bxd3 34. Qa4 Qc4 35. Qxa7 Qc1+ 36. Kh2 Qf4+ 37. Kg1 Qg3 38. Qa2+ Kh7 39. Qd2 Be4 40. Kf1 Bd3+ 41. Kg1 Qe3+ 42. Qf2 Qxf2+ 43. Kxf2 Kg6 44. Ke1 Kf5 45. Kd2 Ke4 46. g3 Ba6 47. g4 Kf3 48. g5 fxg5 49. Kc2 Ke2 50. Kc1 d3 51. Kb2 d2 0-1

[Event "AUT-ch U14 Girls"]
[Site "Woerth"]
[Date "2015.05.23"]
[Round "2.5"]
[White "Amlacher, Janine"]
[Black "Pribozic, Sabrina"]
[Result "1-0"]
[WhiteElo "1065"]
[BlackElo "945"]
[PlyCount "67"]
[EventDate "2015.05.23"]
[EventType "swiss"]
[EventRounds "7"]
[EventCountry "AUT"]
[SourceTitle "EXT 2024"]
[Source "ChessBase"]
[SourceDate "2023.10.10"]
[SourceVersion "1"]
[SourceVersionDate "2023.10.10"]
[SourceQuality "1"]

1. e4 e5 2. Nf3 Nc6 3. Nc3 Nf6 4. Bc4 Bb4 5. Ng5 d5 6. exd5 Na5 7. Bb5+ c6 8. dxc6 bxc6 9. Ba4 0-0 10. Nge4 Nxe4 11. Nxe4 f5 12. Nc3 Bb7 13. Ne2 Bc5 14. c3 Bb6 15. b4 Nc4 16. Qb3 Ba6 17. b5 cxb5 18. Bxb5 Bxb5 19. Qxb5 Qh4 20. 0-0 e4 21. Qxc4+ Kh8 22. Ba3 Rac8 23. Qb3 Rf6 24. Be7 Bc7 25. g3 Qh3 26. Bxf6 gxf6 27. Qe6 Rf8 28. Nd4 Bd8 29. Nxf5 Rg8 30. Rab1 Rg6 31. Rb8 Rg8 32. Rxd8 Rxd8 33. Qxf6+ Kg8 34. Qg7# 1-0